000 00426nam a2200181Ia 4500
001 2753
005 20260306144830.0
008 260306t2009||||xx |||||||||||||| ||spa||
041 _aESP
082 _a225.92
_bG354
100 _aGnilka Joachim
_eAUT
245 0 _aPablo de Tarso:
_bapóstol y testigo
260 _c2009
300 _a319 páginas :
_c25 cm.
650 _aGEN
654 _aCHU
942 _cLIB
_dJUS
_fJUS
_2ddc
_n
999 _c2753
_d2753